[Event "5. HSK Weihnachts-Open 2019"]
[Site "Hamburg"]
[Date "2019.12.27"]
[Round "1.1"]
[White "Andris, Valentin"]
[Black "Feuerstack, Aljoscha"]
[Result "0-1"]
[WhiteElo "1828"]
[BlackElo "2446"]
[PlyCount "64"]
[EventDate "2019.12.27"]

1. d4 Nf6 2. Bf4 d5 3. e3 c5 4. c3 Nc6 5. Nd2 Bf5 6. Ngf3 e6 7. Bb5 Qb6 8. Qa4
Nd7 9. O-O Be7 10. Ne5 Ndxe5 11. Bxe5 O-O 12. Nf3 Nxe5 13. Nxe5 a6 14. Bd3 Bxd3
15. Nxd3 c4 16. Ne5 Qxb2 17. Qd7 Bf6 18. Rab1 Qxc3 19. Nxf7 Rxf7 20. Qxe6 b5
21. a4 Qa5 22. axb5 axb5 23. Qxd5 Rb8 24. Rfc1 Bd8 25. g3 Qd2 26. Rf1 c3 27.
Rxb5 Rxb5 28. Qxb5 c2 29. Qc4 Ba5 30. Ra1 Qxf2+ 31. Kh1 Qf3+ 32. Kg1 Qd1+ 0-1

[Event "5. HSK Weihnachts-Open 2019"]
[Site "Hamburg"]
[Date "2019.12.27"]
[Round "1.2"]
[White "Krause, Benedict"]
[Black "Zierott, Jan"]
[Result "1-0"]
[WhiteElo "2423"]
[BlackElo "1803"]
[PlyCount "85"]
[EventDate "2019.12.27"]

1. e4 c6 2. d4 d5 3. Nd2 dxe4 4. Nxe4 Bf5 5. Ng3 Bg6 6. h4 h6 7. Nf3 Nd7 8. h5
Bh7 9. Bd3 Bxd3 10. Qxd3 e6 11. Bd2 Ngf6 12. O-O-O Be7 13. Kb1 O-O 14. Ne4 Nxe4
15. Qxe4 Nf6 16. Qe2 Qd5 17. Be3 a5 18. Ne5 b5 19. g4 Ne4 20. Rhg1 a4 21. f3
Ng5 22. Rge1 a3 23. b3 Bb4 24. Rh1 Be7 25. Bc1 Bf6 26. Rhf1 Rfd8 27. Rd3 c5 28.
f4 c4 29. Re3 cxb3 30. fxg5 bxa2+ 31. Ka1 hxg5 32. c3 b4 33. cxb4 Qxd4+ 34.
Kxa2 Qxb4 35. Rxf6 gxf6 36. Nc6 Qc5 37. Nxd8 Qxc1 38. Nb7 Rb8 39. Rxe6 Rxb7 40.
Re8+ Kg7 41. h6+ Kh7 42. Qe4+ f5 43. Qxf5+ 1-0

[Event "5. HSK Weihnachts-Open 2019"]
[Site "Hamburg"]
[Date "2019.12.27"]
[Round "1.3"]
[White "Nickel, Jonas"]
[Black "Hochgräfe, Markus"]
[Result "0-1"]
[WhiteElo "1793"]
[BlackElo "2415"]
[PlyCount "46"]
[EventDate "2019.12.27"]

1. e4 c6 2. d4 d5 3. exd5 cxd5 4. Bf4 Nc6 5. c3 Bf5 6. Bd3 Bxd3 7. Qxd3 e6 8.
Nd2 Nf6 9. Ngf3 Nh5 10. Bg3 Be7 11. Ne5 O-O 12. Qf3 Nxg3 13. hxg3 Nxe5 14. dxe5
b5 15. Qh5 h6 16. f4 d4 17. Ne4 dxc3 18. Rd1 cxb2 19. Ke2 Qc7 20. Nf6+ Bxf6 21.
exf6 Qc2+ 22. Rd2 b1=Q 23. fxg7 Qxd2+ 0-1

[Event "5. HSK Weihnachts-Open 2019"]
[Site "Hamburg"]
[Date "2019.12.27"]
[Round "1.4"]
[White "Pfreundt, Jakob"]
[Black "Wulf, Constanze"]
[Result "1-0"]
[WhiteElo "2409"]
[BlackElo "1792"]
[PlyCount "54"]
[EventDate "2019.12.27"]

1. c4 e6 2. Nf3 d5 3. d4 c6 4. Bg5 Nf6 5. e3 Qa5+ 6. Nbd2 Ne4 7. Bf4 dxc4 8.
Bxc4 Nd7 9. O-O Nxd2 10. Nxd2 b5 11. Bd3 Qb6 12. a4 a6 13. Ne4 Bb7 14. a5 Qd8
15. Qh5 Nf6 16. Nxf6+ gxf6 17. Be4 Bb4 18. Rfc1 Rc8 19. Qf3 Qd7 20. Qg3 Ke7 21.
Qh4 Bd6 22. Be5 Bxe5 23. dxe5 Ke8 24. Qxf6 Rf8 25. Rd1 Qc7 26. Rd6 Rd8 27. Rad1
Rxd6 1-0

[Event "5. HSK Weihnachts-Open 2019"]
[Site "Hamburg"]
[Date "2019.12.27"]
[Round "1.5"]
[White "Chmielewski, Axel"]
[Black "Ertan, Can"]
[Result "0-1"]
[WhiteElo "1790"]
[BlackElo "2373"]
[PlyCount "52"]
[EventDate "2019.12.27"]

1. d4 Nf6 2. c4 e6 3. Nf3 b6 4. a3 Bb7 5. Nc3 d5 6. Bg5 Be7 7. e3 O-O 8. Bd3
dxc4 9. Bxc4 Nbd7 10. O-O c5 11. dxc5 Rc8 12. c6 Rxc6 13. Qe2 Rc5 14. Bh4 Bxf3
15. gxf3 Ne5 16. Ba6 Nd5 17. Nxd5 Bxh4 18. Nc3 Qa8 19. e4 f5 20. f4 Ng6 21. Qe3
fxe4 22. Qh3 Qc6 23. Be2 Bf6 24. f5 exf5 25. Rac1 Bxc3 26. Rxc3 Nf4 0-1

[Event "5. HSK Weihnachts-Open 2019"]
[Site "Hamburg"]
[Date "2019.12.27"]
[Round "1.6"]
[White "Trisic, Aleksandar"]
[Black "Floren, Dieter"]
[Result "1-0"]
[WhiteElo "2328"]
[BlackElo "1703"]
[PlyCount "67"]
[EventDate "2019.12.27"]

1. d4 Nf6 2. Nf3 c5 3. e3 g6 4. dxc5 Qa5+ 5. Nbd2 Qxc5 6. a3 Bg7 7. b4 Qc7 8.
Bb2 d6 9. Bc4 O-O 10. O-O Bg4 11. Bb3 e5 12. h3 Bc8 13. Qe2 b6 14. Rfd1 Bb7 15.
a4 Na6 16. Nc4 Ne4 17. Qe1 Rfe8 18. Na3 Rad8 19. Nb5 Qb8 20. c4 Nc7 21. Nd2
Nxd2 22. Rxd2 Nxb5 23. axb5 Qa8 24. Qf1 Bf8 25. f4 Bg7 26. Rad1 Qb8 27. fxe5
Bxe5 28. c5 d5 29. c6 Bc8 30. Rxd5 Rxd5 31. Bxd5 Qc7 32. Bxe5 Rxe5 33. Qf6 Re7
34. Bxf7+ 1-0

[Event "5. HSK Weihnachts-Open 2019"]
[Site "Hamburg"]
[Date "2019.12.27"]
[Round "1.7"]
[White "Grunert, Wilhelm"]
[Black "Jahncke, Giso"]
[Result "0-1"]
[WhiteElo "1699"]
[BlackElo "2320"]
[PlyCount "60"]
[EventDate "2019.12.27"]

1. e4 c5 2. Nf3 e6 3. d4 cxd4 4. Nxd4 Nf6 5. Nc3 Nc6 6. Be3 Bb4 7. Ndb5 d5 8.
e5 Nxe5 9. Bf4 Bxc3+ 10. bxc3 a6 11. Bxe5 axb5 12. Bxb5+ Bd7 13. Bxf6 gxf6 14.
Bxd7+ Qxd7 15. Qf3 Ke7 16. O-O Rhc8 17. Rfe1 Ra3 18. Re3 Qc6 19. Rb1 Rxa2 20.
c4 Qxc4 21. Rxb7+ Rc7 22. Rxc7+ Qxc7 23. g3 Qxc2 24. Qf4 Qc4 25. Qb8 f5 26. Kg2
Qc5 27. Qb7+ Kf6 28. Qb8 Qxe3 29. Qd8+ Kg7 30. Kh3 Rxf2 0-1

[Event "5. HSK Weihnachts-Open 2019"]
[Site "Hamburg"]
[Date "2019.12.27"]
[Round "1.8"]
[White "Kuberczyk, Christoph"]
[Black "Bloh, Fabian"]
[Result "1-0"]
[WhiteElo "2310"]
[BlackElo "1695"]
[PlyCount "25"]
[EventDate "2019.12.27"]

1. Nf3 Nf6 2. c4 e6 3. g3 d5 4. Bg2 Be7 5. O-O O-O 6. d4 Nbd7 7. Qc2 a6 8. Rd1
dxc4 9. Nbd2 Rb8 10. Nxc4 b6 11. Nce5 Nxe5 12. dxe5 Nd7 13. Nd4 1-0

[Event "5. HSK Weihnachts-Open 2019"]
[Site "Hamburg"]
[Date "2019.12.27"]
[Round "1.9"]
[White "Neumann, Oskar"]
[Black "Hourigan, Gerrit"]
[Result "0-1"]
[WhiteElo "1682"]
[BlackElo "2301"]
[PlyCount "58"]
[EventDate "2019.12.27"]

1. e4 c5 2. Nf3 d6 3. d4 cxd4 4. Nxd4 Nf6 5. Nc3 a6 6. Be3 e6 7. f4 Qc7 8. Bd3
b5 9. a3 Bb7 10. O-O Nbd7 11. Qe2 Be7 12. Rae1 O-O 13. Kh1 Rac8 14. Bd2 g6 15.
e5 Nd5 16. Qg4 Kh8 17. Bxg6 Rg8 18. Nxe6 fxe6 19. exd6 Rxg6 20. Qxg6 hxg6 21.
dxc7 Nxc7 22. Re3 {(=)} Bf6 23. Rg3 Kh7 24. Rd1 Bc6 25. Rd3 Nc5 26. Rd6 Ne8 27.
Rxc6 Rxc6 28. g4 b4 29. g5 bxc3 0-1

[Event "5. HSK Weihnachts-Open 2019"]
[Site "Hamburg"]
[Date "2019.12.27"]
[Round "1.10"]
[White "Ritscher, Jan-Paul"]
[Black "Bauer, Marcus"]
[Result "1-0"]
[WhiteElo "2253"]
[BlackElo "1682"]
[PlyCount "81"]
[EventDate "2019.12.27"]

1. d4 Nf6 2. c4 e5 3. dxe5 Ng4 4. Nf3 Bc5 5. e3 Nc6 6. Be2 Ngxe5 7. Nxe5 Nxe5
8. Nc3 O-O 9. a3 a5 10. Ne4 Ba7 11. b3 d6 12. Bb2 Qe7 13. Nd2 Bd7 14. O-O Bc6
15. Nf3 Rfd8 16. b4 Bxf3 17. gxf3 c6 18. Kh1 Qh4 19. f4 Ng6 20. Bd3 d5 21. c5
Bb8 22. Qf3 d4 23. Bxg6 hxg6 24. Rad1 Rd5 25. Rxd4 Rxd4 26. Bxd4 axb4 27. axb4
Ra2 28. Kg2 Ra3 29. Rb1 Rd3 30. Qe2 Ra3 31. h3 Qd8 32. Qf3 Qh4 33. b5 cxb5 34.
Rxb5 g5 35. Qxb7 Bxf4 36. Qc8+ Kh7 37. Qf5+ Kg8 38. exf4 f6 39. Rb8+ Kf7 40.
Rb7+ Kg8 41. Rxg7+ 1-0

[Event "5. HSK Weihnachts-Open 2019"]
[Site "Hamburg"]
[Date "2019.12.27"]
[Round "1.12"]
[White "Schroeder, Christoph"]
[Black "Hermes, Simon"]
[Result "1-0"]
[WhiteElo "2159"]
[BlackElo "1673"]
[PlyCount "65"]
[EventDate "2019.12.27"]

1. e4 e6 2. d4 d5 3. Nc3 Bb4 4. e5 c5 5. a3 Bxc3+ 6. bxc3 Ne7 7. Qg4 Qc7 8.
Qxg7 Rg8 9. Qxh7 cxd4 10. Ne2 Nbc6 11. f4 Bd7 12. Rb1 dxc3 13. h4 d4 14. h5
O-O-O 15. Qd3 Nf5 16. Rg1 Kb8 17. g4 Nfe7 18. g5 Nf5 19. Bg2 Be8 20. Be4 b6 21.
Bxf5 exf5 22. Ng3 Bd7 23. Kf2 Ne7 24. Rb4 Nc6 25. Rb1 Qc8 26. h6 Rg6 27. a4 Be6
28. Ba3 Rxg5 29. a5 Rxg3 30. Rxg3 Nxa5 31. Bd6+ Rxd6 32. exd6 Qc5 33. h7 1-0

[Event "5. HSK Weihnachts-Open 2019"]
[Site "Hamburg"]
[Date "2019.12.27"]
[Round "1.13"]
[White "Gonzales Leon, Heriberto"]
[Black "Popvasilev, Kaloyan"]
[Result "0-1"]
[WhiteElo "1666"]
[BlackElo "2133"]
[PlyCount "73"]
[EventDate "2019.12.27"]

1. e4 c5 2. Nf3 Nc6 3. Nc3 d6 4. d4 cxd4 5. Nxd4 Nf6 6. Bg5 e6 7. Qd2 a6 8. Be2
Bd7 9. O-O Be7 10. Kh1 b5 11. a3 O-O 12. Nxc6 Bxc6 13. f3 Qc7 14. Na2 Rfd8 15.
Nb4 Bb7 16. Rac1 a5 17. Na2 d5 18. Bxb5 dxe4 19. Qf4 e5 20. Qg3 exf3 21. gxf3
Ne4 22. fxe4 Bxe4+ 23. Kg1 Bxg5 24. Qxg5 Qc5+ 25. Rf2 Rd6 26. Kf1 Qxb5+ 27. c4
Bd3+ 28. Ke1 Qc6 29. Qg2 Be4 30. Qf1 Bd3 31. Qg2 e4 32. Rf4 Rad8 33. Nc3 Rg6
34. Rg4 Rxg4 35. Qxg4 Qh6 36. Rd1 f5 37. Qg1 0-1

[Event "5. HSK Weihnachts-Open 2019"]
[Site "Hamburg"]
[Date "2019.12.27"]
[Round "1.14"]
[White "Falke, Isaak"]
[Black "Von Rosen, Jakob"]
[Result "1-0"]
[WhiteElo "2107"]
[BlackElo "1665"]
[PlyCount "85"]
[EventDate "2019.12.27"]

1. d4 Nf6 2. Nf3 c5 3. c3 e6 4. Bf4 Qb6 5. Qb3 Qxb3 6. axb3 Nc6 7. e3 d5 8. Na3
Nh5 9. Nb5 Kd7 10. Ne5+ Nxe5 11. Bxe5 a6 12. g4 Nf6 13. Be2 h5 14. g5 Ne4 15.
Rg1 cxd4 16. exd4 f6 17. gxf6 gxf6 18. Bf4 Nd6 19. Rg6 Nxb5 20. Bxb5+ Ke7 21.
Rxf6 Rg8 22. Be5 Bd7 23. Bf1 Rg1 24. O-O-O Bg7 25. Rf3 Bh6+ 26. Kc2 Rag8 27.
Bf6+ Kd6 28. Be5+ Kc6 29. Bg3 Be8 30. h4 Bd7 31. Bb5+ Kxb5 32. Rxg1 Rg4 33. Rf7
Kc6 34. Re1 Rg6 35. Re5 Bg7 36. Rg5 Rxg5 37. hxg5 Bh8 38. Rh7 Bxd4 39. cxd4 Be8
40. Rc7+ Kb6 41. Re7 Bg6+ 42. Kc3 Bf5 43. g6 1-0

[Event "5. HSK Weihnachts-Open 2019"]
[Site "Hamburg"]
[Date "2019.12.27"]
[Round "1.15"]
[White "Kaußmann, Jean-David"]
[Black "Wanner, Lukas"]
[Result "0-1"]
[WhiteElo "1593"]
[BlackElo "2099"]
[PlyCount "70"]
[EventDate "2019.12.27"]

1. d4 Nf6 2. Bf4 g6 3. e3 Bg7 4. Nf3 O-O 5. h3 d5 6. Be2 c5 7. O-O Nc6 8. dxc5
Ne4 9. c3 e5 10. Bh2 a5 11. Bb5 Re8 12. Nbd2 Nxc5 13. Nb3 Ne4 14. Nbd2 Nd6 15.
Bxc6 bxc6 16. Nb3 Qb6 17. Nbd2 Qxb2 18. Qb3 Rb8 19. Qxb2 Rxb2 20. Rfb1 Rc2 21.
Rc1 Bf5 22. Rxc2 Bxc2 23. Rc1 Bd3 24. Nb3 a4 25. Nc5 Bc4 26. Nxa4 Bxa2 27. Nc5
Bc4 28. Ra1 Nb5 29. Ra6 Nd4 30. Rb6 Ne2+ 31. Kh1 Bb5 32. Nd7 f6 33. Nb8 Rc8 34.
c4 dxc4 35. Nd2 Rd8 0-1

[Event "5. HSK Weihnachts-Open 2019"]
[Site "Hamburg"]
[Date "2019.12.27"]
[Round "1.16"]
[White "Callsen, Niklas"]
[Black "Raedisch, Peter"]
[Result "1-0"]
[WhiteElo "2072"]
[BlackElo "1572"]
[PlyCount "41"]
[EventDate "2019.12.27"]

1. e4 e5 2. Nf3 Nc6 3. Bb5 Bc5 4. c3 Qe7 5. O-O a6 6. Ba4 Nf6 7. d4 Bd6 8. Nbd2
b5 9. Bc2 O-O 10. a4 Bb7 11. d5 Na7 12. Nb3 c5 13. Nh4 g6 14. Bh6 Rfc8 15. Qf3
Qd8 16. Bg5 Kg7 17. Qh3 Be7 18. d6 Bxd6 19. Nf5+ gxf5 20. Qh6+ Kg8 21. Bxf6 1-0

[Event "5. HSK Weihnachts-Open 2019"]
[Site "Hamburg"]
[Date "2019.12.27"]
[Round "1.17"]
[White "Kock, Rudolf"]
[Black "Günther, Patrick"]
[Result "0-1"]
[WhiteElo "1550"]
[BlackElo "2063"]
[PlyCount "58"]
[EventDate "2019.12.27"]

1. f4 Nh6 2. b3 e5 3. d3 Nc6 4. Nf3 exf4 5. Bxf4 d5 6. g3 Nf5 7. Qd2 Bc5 8. e4
dxe4 9. dxe4 Qe7 10. Bd3 Nfd4 11. Nh4 Ne5 12. Rf1 Bh3 13. Rf2 h6 14. Bxe5 Qxe5
15. Qf4 Qe7 16. Nf3 Ne6 17. Qh4 Qxh4 18. Nxh4 Bxf2+ 19. Kxf2 O-O-O 20. Nc3 c6
21. Nf3 Nc5 22. Bf1 Bxf1 23. Rxf1 Rhe8 24. Re1 Kc7 25. b4 Ne6 26. Ne2 Ng5 27.
Nxg5 hxg5 28. Nc3 Rd2+ 29. Re2 Rxe2+ 0-1

[Event "5. HSK Weihnachts-Open 2019"]
[Site "Hamburg"]
[Date "2019.12.27"]
[Round "1.18"]
[White "Szobries, Torsten"]
[Black "Mi, Gufeng"]
[Result "1-0"]
[WhiteElo "2034"]
[BlackElo "1541"]
[PlyCount "135"]
[EventDate "2019.12.27"]

1. Nf3 d5 2. e3 c5 3. b3 Nc6 4. Bb5 a6 5. Bxc6+ bxc6 6. Ba3 e6 7. Nc3 g6 8. O-O
Bd6 9. Na4 Qe7 10. d3 Nf6 11. Qd2 Nd7 12. e4 d4 13. Qh6 e5 14. Nd2 Rb8 15. Nc4
Rb5 16. Qg7 Rf8 17. Qxh7 Nf6 18. Qh4 Nh5 19. Nxd6+ Qxd6 20. Bc1 Be6 21. f4 exf4
22. Bxf4 Nxf4 23. Qxf4 Qe7 24. Rae1 Rh8 25. Qf6 Qf8 26. Qf4 Qe7 27. Rf3 Rh7 28.
Nb2 Kf8 29. Ref1 Kg8 30. Rg3 Rb7 31. Rg5 a5 32. Na4 Rb5 33. Rg3 Rh5 34. Qf6
Qxf6 35. Rxf6 Kg7 36. Rf4 Rb8 37. h3 Rb7 38. Rf2 Re5 39. Nb2 Rb8 40. Rgf3 Rb7
41. g4 Rg5 42. Kh2 Rb8 43. Rf4 Rh8 44. Kg3 Rf8 45. h4 Re5 46. Rf6 Bd7 47. Nc4
Re6 48. Rxe6 Bxe6 49. Nxa5 Ra8 50. Nxc6 Rxa2 51. Ne5 Ra1 52. Nf3 f6 53. g5 f5
54. exf5 Bxf5 55. Kf4 Rc1 56. h5 Rh1 57. h6+ Kh7 58. Ke5 Rh3 59. Kd6 Bg4 60.
Ne5 Bf5 61. Kxc5 Rg3 62. Nf3 Rg4 63. Nxd4 Rxg5 64. Nxf5 gxf5 65. b4 f4+ 66. Kc6
Rf5 67. b5 Kxh6 68. b6 1-0

[Event "5. HSK Weihnachts-Open 2019"]
[Site "Hamburg"]
[Date "2019.12.27"]
[Round "1.19"]
[White "Roth, Paul Konstantin"]
[Black "Keyser, Robin"]
[Result "0-1"]
[WhiteElo "1501"]
[BlackElo "2022"]
[PlyCount "38"]
[EventDate "2019.12.27"]

1. e4 g6 2. d4 Bg7 3. Nf3 d6 4. Be3 Nf6 5. Nbd2 Nbd7 6. c3 O-O 7. Qc2 e5 8. h3
Qe7 9. d5 h6 10. Be2 Ne8 11. O-O f5 12. g3 Ndf6 13. Kg2 fxe4 14. Nxe4 Nxd5 15.
Bc4 Be6 16. Bxd5 Bxd5 17. Nh4 Qf7 18. Kh2 g5 19. Ng2 Qf3 0-1

[Event "5. HSK Weihnachts-Open 2019"]
[Site "Hamburg"]
[Date "2019.12.27"]
[Round "1.20"]
[White "Porth, Hartmut"]
[Black "Schulze, Tim"]
[Result "1-0"]
[WhiteElo "2007"]
[BlackElo "1496"]
[PlyCount "123"]
[EventDate "2019.12.27"]

1. g3 d5 2. Bg2 Bf5 3. d3 Nf6 4. Nc3 e6 5. e4 dxe4 6. dxe4 Qxd1+ 7. Kxd1 Bg4+
8. f3 Bh5 9. Nce2 Nc6 10. c3 O-O-O+ 11. Kc2 Bg6 12. Be3 Nd5 13. Bf2 Be7 14. Nh3
e5 15. Rad1 Nb6 16. b3 f6 17. Be3 Nd7 18. Nf2 Bc5 19. Bxc5 Nxc5 20. h4 h5 21.
Bh3+ Kb8 22. b4 Na4 23. Be6 Nb6 24. Rxd8+ Nxd8 25. Bb3 Bf7 26. Rd1 Bxb3+ 27.
axb3 Ne6 28. Nd3 Rd8 29. f4 Nd7 30. fxe5 Nxe5 31. Nxe5 fxe5 32. Rf1 Rf8 33. Rf5
Rxf5 34. exf5 Nf8 35. Kd3 Kc8 36. Ke4 Nd7 37. Ng1 Kd8 38. Nf3 Nf6+ 39. Kxe5 Ke7
40. Nd4 Ng4+ 41. Kf4 Kf6 42. Nb5 c6 43. Nd6 b5 44. Ne4+ Kf7 45. Kg5 Ne3 46.
Nd6+ Ke7 47. Ne4 Kf7 48. Kxh5 Nxf5 49. g4 Ne7 50. Kg5 Nd5 51. h5 a6 52. Kf5
Ne3+ 53. Kf4 Nd5+ 54. Ke5 Ke7 55. g5 Ne3 56. Ng3 Nd5 57. Nf5+ Kf7 58. h6 gxh6
59. gxh6 Kg6 60. Kd4 Nf6 61. Ne7+ Kxh6 62. Nxc6 1-0

[Event "5. HSK Weihnachts-Open 2019"]
[Site "Hamburg"]
[Date "2019.12.27"]
[Round "1.21"]
[White "Hinrichs, Winfried"]
[Black "Thieme, Daniel Otis"]
[Result "0-1"]
[WhiteElo "1493"]
[BlackElo "1983"]
[PlyCount "70"]
[EventDate "2019.12.27"]

1. e4 c5 2. Nf3 d6 3. d4 cxd4 4. Nxd4 Nf6 5. Nc3 a6 6. Bc4 e6 7. Be3 b5 8. Bb3
Nbd7 9. O-O Nc5 10. f3 Bb7 11. Nce2 Be7 12. Bf2 O-O 13. Rc1 Qc7 14. c4 b4 15.
Nc2 a5 16. Ne3 Rfd8 17. Nd4 Nfd7 18. Bc2 Ne5 19. b3 Bf6 20. Qe2 Ng6 21. Ng4 Bg5
22. Be3 Bxe3+ 23. Qxe3 Qb6 24. Rcd1 a4 25. Kh1 axb3 26. axb3 Nd7 27. Nb5 Nc5
28. Rf2 h5 29. Rfd2 hxg4 30. Rxd6 Rxd6 31. Rxd6 Ra1+ 32. Rd1 Rxd1+ 33. Bxd1
gxf3 34. gxf3 Qd8 35. Qe1 Qd3 0-1

[Event "5. HSK Weihnachts-Open 2019"]
[Site "Hamburg"]
[Date "2019.12.27"]
[Round "1.22"]
[White "Keyser, Philipp"]
[Black "Falke, Ornella"]
[Result "1-0"]
[WhiteElo "1980"]
[BlackElo "1486"]
[PlyCount "87"]
[EventDate "2019.12.27"]

1. e4 e5 2. Nf3 Nc6 3. Bb5 a6 4. Ba4 Nf6 5. d3 b5 6. Bb3 Be7 7. O-O d5 8. exd5
Nxd5 9. Re1 Qd6 10. d4 exd4 11. Nxd4 Bb7 12. Nf5 Qf6 13. Qxd5 Rd8 14. Qe4 Ne5
15. Qxb7 Qxf5 16. Nc3 O-O 17. Qe4 Qxe4 18. Nxe4 Bb4 19. c3 Nd3 20. Rd1 Nc5 21.
Nxc5 Rxd1+ 22. Bxd1 Bxc5 23. Be3 Re8 24. Bb3 Bxe3 25. fxe3 Rxe3 26. Rd1 Kf8 27.
Kf2 Re5 28. Rd5 Re7 29. Rd8+ Re8 30. Rxe8+ Kxe8 31. Ke3 Ke7 32. Bd5 f5 33. b4
Kd6 34. Bb7 c5 35. Bxa6 Kc6 36. Bc8 g6 37. Be6 g5 38. Bxf5 h5 39. g4 h4 40. Ke4
Kd6 41. bxc5+ Kxc5 42. Be6 b4 43. cxb4+ Kxb4 44. Kf5 1-0

[Event "5. HSK Weihnachts-Open 2019"]
[Site "Hamburg"]
[Date "2019.12.27"]
[Round "1.23"]
[White "Lohkamp, Rolf"]
[Black "Giraud, Valerian"]
[Result "0-1"]
[WhiteElo "1452"]
[BlackElo "1972"]
[PlyCount "64"]
[EventDate "2019.12.27"]

1. d4 Nf6 2. c4 c5 3. e3 g6 4. Nc3 Bg7 5. Bd3 O-O 6. Nge2 cxd4 7. exd4 d5 8.
O-O Nc6 9. a3 b6 10. Re1 dxc4 11. Bxc4 Bb7 12. d5 Ne5 13. Ba2 Rc8 14. Nf4 Nc4
15. Qe2 Nxd5 16. Ncxd5 Bxd5 17. Nxd5 Qxd5 18. Bxc4 Rxc4 19. Qxe7 a5 20. g3 Rc2
21. Be3 Rxb2 22. Rad1 Qa8 23. Bd4 Rb3 24. Bxg7 Kxg7 25. Qe5+ Kg8 26. Re3 Rxe3
27. Qxe3 b5 28. Rd7 Re8 29. Re7 Rd8 30. Qb3 Qd5 31. Re8+ Kg7 32. Rxd8 Qxb3 0-1

[Event "5. HSK Weihnachts-Open 2019"]
[Site "Hamburg"]
[Date "2019.12.27"]
[Round "1.24"]
[White "Kurth, Michael"]
[Black "Queißer, Jens"]
[Result "1-0"]
[WhiteElo "1971"]
[BlackElo "1429"]
[PlyCount "97"]
[EventDate "2019.12.27"]

1. e4 c6 2. d4 d5 3. Nc3 dxe4 4. Nxe4 Nd7 5. Nf3 Ngf6 6. Nxf6+ Nxf6 7. c3 Bf5
8. Bd3 Bxd3 9. Qxd3 e6 10. O-O Be7 11. Bg5 O-O 12. Rad1 Qc7 13. Rfe1 Rad8 14.
Qc2 c5 15. dxc5 Rxd1 16. Rxd1 Qxc5 17. b4 Qc7 18. Bxf6 gxf6 19. a3 Rc8 20. Rc1
Bf8 21. Qd2 b5 22. Qe3 a5 23. Nd4 axb4 24. axb4 Bxb4 25. Nxb5 Qc5 26. Qxc5 Bxc5
27. g3 Rd8 28. Rc2 Rd7 29. c4 Kf8 30. Kg2 Ke7 31. f3 Be3 32. c5 Rd5 33. c6 Rd2+
34. Rxd2 Bxd2 35. Kf2 Kd8 36. Ke2 Ba5 37. g4 h6 38. Kd3 Bc7 39. h3 Bg3 40. Kc4
Bb8 41. Kc5 Bc7 42. h4 Kc8 43. h5 Kb8 44. Nd6 Bxd6+ 45. Kxd6 Kc8 46. c7 e5 47.
Kc6 f5 48. gxf5 f6 49. Kd6 1-0

[Event "5. HSK Weihnachts-Open 2019"]
[Site "Hamburg"]
[Date "2019.12.27"]
[Round "1.26"]
[White "Jablonowski, Christoph"]
[Black "Fuhrmann, Jeppe"]
[Result "1-0"]
[WhiteElo "1969"]
[BlackElo "1327"]
[PlyCount "59"]
[EventDate "2019.12.27"]

1. d4 Nf6 2. Nf3 e6 3. c4 d5 4. g3 c5 5. cxd5 Nxd5 6. Bg2 Nc6 7. O-O Be7 8. e4
Nf6 9. e5 Nd5 10. dxc5 Bxc5 11. Qc2 Be7 12. a3 a5 13. h4 h6 14. Nbd2 O-O 15.
Re1 Qb6 16. Nc4 Qc5 17. Qe4 b5 18. Ne3 Bb7 19. Qg4 Nb6 20. Nf1 Qc4 21. Re4 Qd5
22. Bxh6 g6 23. Ne3 Qc5 24. h5 g5 25. Bxg5 Kh7 26. Bxe7 Qxe7 27. Ng5+ Kh8 28.
Nf5 exf5 29. Qxf5 f6 30. exf6 1-0

[Event "5. HSK Weihnachts-Open 2019"]
[Site "Hamburg"]
[Date "2019.12.27"]
[Round "1.27"]
[White "Meyer, Harald"]
[Black "Renger, Maik"]
[Result "0-1"]
[WhiteElo "1298"]
[BlackElo "1959"]
[PlyCount "116"]
[EventDate "2019.12.27"]

1. e4 e5 2. Nf3 Nf6 3. Nxe5 d6 4. Nf3 Nxe4 5. Qe2 Qe7 6. d3 Nf6 7. Nc3 Bg4 8.
Qxe7+ Bxe7 9. Be2 Nc6 10. Bf4 O-O-O 11. h3 Bxf3 12. Bxf3 Rde8 13. O-O-O Nd4 14.
Be4 Nxe4 15. dxe4 Nc6 16. Rhe1 Bf6 17. Nd5 Be5 18. Kb1 Rhf8 19. g4 Bxf4 20.
Nxf4 Ne5 21. Re3 Re7 22. Nd5 Re6 23. f4 Nc4 24. Rc3 Rxe4 25. b3 Na3+ 26. Kb2
Nb5 27. Re3 Rfe8 28. Rde1 R4e6 29. h4 Kd7 30. c3 c6 31. Rxe6 fxe6 32. Ne3 Nc7
33. Kc2 Rf8 34. f5 g6 35. fxg6 hxg6 36. Rf1 Rxf1 37. Nxf1 Nd5 38. Kd3 Ke7 39.
Ng3 Nf4+ 40. Ke4 e5 41. h5 Kf6 42. h6 d5+ 43. Kf3 Nh3 44. h7 Ng5+ 45. Ke3 Nxh7
46. c4 Kg5 47. Kf3 Nf6 48. cxd5 cxd5 49. Ne2 Nxg4 50. Nc3 Nf6 51. a4 a6 52. b4
d4 53. Nd1 e4+ 54. Ke2 Kf4 55. Nb2 Nd5 56. b5 axb5 57. axb5 Nc3+ 58. Kf1 Nxb5
0-1

[Event "5. HSK Weihnachts-Open 2019"]
[Site "Hamburg"]
[Date "2019.12.27"]
[Round "1.28"]
[White "Sonntag, Sven"]
[Black "Wang, Huanying"]
[Result "1-0"]
[WhiteElo "1954"]
[BlackElo "1293"]
[PlyCount "69"]
[EventDate "2019.12.27"]

1. c4 e6 2. Nc3 Nf6 3. g3 g6 4. Bg2 Bg7 5. e4 O-O 6. e5 Ne8 7. d4 f6 8. f4 d6
9. exf6 Bxf6 10. Nf3 Nc6 11. O-O a6 12. Be3 Ne7 13. Qe2 Bg7 14. Bf2 c6 15. Ng5
Rf6 16. Rae1 h6 17. Nf3 Kh7 18. d5 Nf5 19. Ne4 Rf8 20. dxe6 Bxe6 21. g4 Ne7 22.
Neg5+ hxg5 23. Nxg5+ Kh8 24. Nxe6 Qb8 25. Nxg7 Kxg7 26. Qxe7+ Rf7 27. Bd4+ Kg8
28. Qh4 Rh7 29. Qg5 Qc7 30. Re6 Ng7 31. Re7 Qd8 32. Rfe1 Qf8 33. Qxg6 Qxf4 34.
Rxg7+ Kf8 35. Rg8# 1-0

[Event "5. HSK Weihnachts-Open 2019"]
[Site "Hamburg"]
[Date "2019.12.27"]
[Round "1.29"]
[White "Mago, Helmut"]
[Black "Nyenhuis, Yannek"]
[Result "0-1"]
[WhiteElo "1247"]
[BlackElo "1951"]
[PlyCount "54"]
[EventDate "2019.12.27"]

1. c4 Nf6 2. g3 e6 3. Bg2 d5 4. cxd5 exd5 5. Nc3 c6 6. Nf3 Be7 7. d4 O-O 8. O-O
Bf5 9. a4 a5 10. b3 Na6 11. Bb2 Nb4 12. Rc1 Re8 13. Ba3 Bd6 14. Bxb4 Bxb4 15.
e3 Ba3 16. Nh4 Bg4 17. Qc2 Bxc1 18. Qxc1 Qb6 19. Qc2 Qb4 20. Na2 Qd6 21. h3 Bd7
22. Nf3 Ne4 23. Ne5 f6 24. Bxe4 dxe4 25. Qc4+ Be6 26. Qc5 Qxc5 27. dxc5 fxe5
0-1

[Event "5. HSK Weihnachts-Open 2019"]
[Site "Hamburg"]
[Date "2019.12.27"]
[Round "1.30"]
[White "Mix, Clemens"]
[Black "Englert, Barbara"]
[Result "1-0"]
[WhiteElo "1931"]
[BlackElo "1240"]
[PlyCount "23"]
[EventDate "2019.12.27"]

1. d4 d5 2. c4 e6 3. Nf3 Nf6 4. g3 b6 5. Bg2 Bb7 6. O-O dxc4 7. Qa4+ Nc6 8. Ne5
Nd5 9. e4 f6 10. Nxc6 Qd6 11. exd5 Kf7 12. dxe6+ 1-0

[Event "5. HSK Weihnachts-Open 2019"]
[Site "Hamburg"]
[Date "2019.12.27"]
[Round "1.31"]
[White "Grunert, Heinrich"]
[Black "Grunert, Friedrich"]
[Result "0-1"]
[WhiteElo "1239"]
[BlackElo "1930"]
[PlyCount "86"]
[EventDate "2019.12.27"]

1. e4 e6 2. d4 d5 3. e5 c5 4. c3 Qb6 5. Nf3 Nc6 6. b3 Bd7 7. Ba3 Nh6 8. Be2 Be7
9. O-O Nf5 10. dxc5 Bxc5 11. Bxc5 Qxc5 12. Qd2 b5 13. Rd1 O-O 14. Nd4 Ncxd4 15.
cxd4 Qb6 16. Rc1 Qxd4 17. Qxd4 Nxd4 18. Bd3 Rac8 19. Rxc8 Rxc8 20. Na3 b4 21.
Nc2 Nxc2 22. Bxc2 Rxc2 23. h3 Bb5 24. a4 Ba6 25. f3 d4 26. Rd1 d3 27. Kf1 Kf8
28. g4 Ke7 29. h4 Kd7 30. f4 Kc6 31. h5 Kd5 32. g5 g6 33. h6 Kd4 34. Ke1 Ke3
35. Kf1 d2+ 36. Kg2 Rc1 37. Rxd2 Kxd2 38. Kf3 Bd3 39. Kg4 Ke3 40. Kg3 Rg1+ 41.
Kh3 Kf2 42. Kh4 Kf3 43. Kh3 Rh1# 0-1

[Event "5. HSK Weihnachts-Open 2019"]
[Site "Hamburg"]
[Date "2019.12.27"]
[Round "1.32"]
[White "Atri, Jamshid"]
[Black "Krüger, Dietrich"]
[Result "1-0"]
[WhiteElo "1917"]
[BlackElo "1204"]
[PlyCount "64"]
[EventDate "2019.12.27"]

1. e4 Nc6 2. d4 e5 3. d5 Nce7 4. c4 b6 5. Nc3 Bb7 6. f4 Ng6 7. f5 N6e7 8. Nf3
f6 9. Bd3 c5 10. O-O Qc7 11. Bc2 d6 12. Ba4+ Kd8 13. Be3 a6 14. a3 g6 15. Nh4
g5 16. Nf3 h5 17. Nd2 Bh6 18. Qxh5 Kc8 19. Qe8+ Qd8 20. Qxd8+ Kxd8 21. g4 Bg7
22. Kg2 Kc7 23. b4 Bc8 24. Bf2 Bd7 25. Be3 Nh6 26. h3 Nf7 27. Rab1 Kb7 28. bxc5
dxc5 29. Bxc5 Nc6 30. Be3 Nd6 31. c5 Nb5 32. dxc6+ Bxc6 1-0